Modelos de Contratos / (Registro nro. 16781)
[ vista simple ]
| 000 -CABECERA | |
|---|---|
| campo de control de longitud fija | 01001nam a2200301 i 4500 |
| 001 - NÚMERO DE CONTROL | |
| campo de control | 16781 |
| 003 - IDENTIFICADOR DEL NÚMERO DE CONTROL | |
| campo de control | DO-SdUEMH |
| 005 - FECHA Y HORA DE LA ÚLTIMA TRANSACCIÓN | |
| campo de control | 20260130204029.0 |
| 007 - CAMPO FIJO DE DESCRIPCIÓN FÍSICA--INFORMACIÓN GENERAL | |
| campo de control de longitud fija | ta |
| 008 - DATOS DE LONGITUD FIJA--INFORMACIÓN GENERAL | |
| campo de control de longitud fija | 211105s2006||||xx a|||gr|||| 0|| | spa d |
| 020 ## - NÚMERO INTERNACIONAL ESTÁNDAR DEL LIBRO | |
| Número Internacional Estándar del Libro | 9507432647 |
| 040 ## - FUENTE DE LA CATALOGACIÓN | |
| Centro catalogador/agencia de origen | DO-SdUEMH |
| Lengua de catalogación | spa |
| Normas de descripción | rda |
| 041 ## - CÓDIGO DE LENGUA | |
| Código de lengua del texto/banda sonora o título independiente | spa |
| 082 14 - NÚMERO DE LA CLASIFICACIÓN DECIMAL DEWEY | |
| Número de clasificación | 346.02 G791M 2006 |
| Colección | Colección Dominicana |
| Número de documento/Ítem | G791 |
| 084 ## - OTRO NÚMERO DE CLASIFICACIÓN | |
| Item number | 08-01236 |
| 100 #1 - ENTRADA PRINCIPAL--NOMBRE DE PERSONA | |
| Nombre de persona | Greco, Orlando |
| Término indicativo de función/relación | autor |
| 245 #0 - MENCIÓN DE TÍTULO | |
| Título | Modelos de Contratos / |
| Mención de responsabilidad, etc. | Orlando Greco |
| 250 ## - MENCIÓN DE EDICIÓN | |
| Mención de edición | Segunda edición |
| 260 ## - PUBLICACIÓN, DISTRIBUCIÓN, ETC. | |
| Date of publication, distribution, etc. | 2006 |
| 264 #1 - PRODUCCIÓN, PUBLICACIÓN, DISTRIBUCIÓN, FABRICACIÓN Y COPYRIGHT | |
| Nombre del de productor, editor, distribuidor, fabricante | Valleta Ediciones, |
| Fecha de producción, publicación, distribución, fabricación o copyright | 2006 |
| 300 ## - DESCRIPCIÓN FÍSICA | |
| Extensión | 399 páginas : |
| Dimensiones | 21 cm. |
| 336 ## - TIPO DE CONTENIDO | |
| Fuente | rdacontent |
| Término de tipo de contenido | texto |
| Código de tipo de contenido | txt |
| 337 ## - TIPO DE MEDIO | |
| Fuente | rdamedia |
| Nombre del tipo de medio | sin mediación |
| Código del tipo de medio | n |
| 338 ## - TIPO DE SOPORTE | |
| Fuente | rdacarrier |
| Nombre del tipo de soporte | volumen |
| Código del tipo de soporte | nc |
| 505 #2 - NOTA DE CONTENIDO CON FORMATO | |
| Nota de contenido con formato | Sociedades comerciales -- Asociación civil y función -- Cooperativa -- Fondo de comercio -- Propiedad horizontal -- Contractos comerciales -- Contrato de locación -- Calculo financiero -- Compraventa inmobiliaria -- Contratos agricola-ganaderos. |
| 942 ## - ELEMENTOS DE PUNTO DE ACCESO ADICIONAL (KOHA) | |
| Fuente del sistema de clasificación o colocación | Dewey Decimal Classification |
| Tipo de ítem Koha | Libro |
| Suprimir en OPAC | No |
| Estado de retiro | Estado de pérdida | Fuente del sistema de clasificación o colocación | Estado dañado | Disponibilidad para préstamo | Código de colección | Localización permanente | Ubicación/localización actual | Fecha de adquisición | Fuente de adquisición | Total de préstamos | Signatura topográfica completa | Código de barras | Fecha visto por última vez | Número de copia | Precio válido a partir de | Tipo de ítem Koha |
|---|---|---|---|---|---|---|---|---|---|---|---|---|---|---|---|---|
| Dewey Decimal Classification | Disponible para préstamo | Colección Dominicana | UNIREMHOS SEDE | UNIREMHOS SEDE | 01/30/2026 | Donación | RD | UNIREMHOS-SED1465 | 11/05/2021 | ej. 1 | 11/05/2021 | Libro |




